| 000 | 00389nam a2200121Ia 4500 | ||
|---|---|---|---|
| 008 | 220615s9999||||xx |||||||||||||| ||und|| | ||
| 245 | 0 | _aEngineering Education and Research Using MATLAB | |
| 546 | _aEnglish[eng] | ||
| 650 | _aComputer modelling & simulation | ||
| 700 | _aAssi, Ali H. | ||
| 856 | _uhttps://mts.intechopen.com/storage/books/1025/authors_book/authors_book.pdf | ||
| 942 | _cEB | ||
| 999 |
_c12490 _d12490 |
||